000 01146nam a2200229Ia 4500
999 _c38411
_d38411
001 4422
003 GE_BSU
005 20190514204155.0
008 181216s2008||||ge |||||||||||||| ||ge ||
020 _a9789941122125
040 _cGE_BSU
041 _ageo
080 _a624.3(075.8) ბ–33
100 _aბაღათურია, ფრიდონ
_91163
245 _aმონოლითური რკინაბეტონის გადახურვები ფოლადის პროფილირებული ფენელით /
_cფრიდონ ბაღათურია ; გ . უნგიაძე
264 _aბათუმი :
_bუნივერსალი,
_c2008.
300 _a78 გვ . ;
_b28 ნახ; 7ცხრ.
_c20 სმ.
653 _aმონოლითური რკინაბეტონის გადახურვები ფოლადის პროფილირებული ფენელით
653 _aრკინაბეტონის გადახურვები
700 _aუნგიაძე, უ
_91164
942 _cBK
_2udc